| 000 | 00350nam a2200133Ia 4500 | ||
|---|---|---|---|
| 008 | 210430s9999 xx 000 0 und d | ||
| 020 | _a978-0216873728 | ||
| 082 | _a669.95 G7861M | ||
| 100 |
_aGregory Edwin _944850 |
||
| 245 |
_aMetallurgy / _cGregory Edwin |
||
| 260 |
_aLondon _c1966 _bBlackie & Son Limited |
||
| 300 | _a284p. | ||
| 942 |
_cBK _2ddc |
||
| 999 |
_c565575 _d565575 |
||